| 000 | 00323nam a22001337a 4500 | ||
|---|---|---|---|
| 020 | _a81-207-2505-0 | ||
| 082 |
_a900 _bCHO/C |
||
| 100 | _aCHOPRA, P.N | ||
| 245 | _aA COMPREHENSIVE HISTORY OF MODERN INDIA | ||
| 260 |
_aDELHI _bSTERLING PUBLISHERS _c2005 |
||
| 300 | _a394 | ||
| 650 |
_aHISTORY REFERENCE _zINDIA |
||
| 942 | _cBK | ||
| 999 |
_c1543 _d1543 |
||